LEADER 01126nam a2200265 i 4500 001 000000069032 003 CaOOAMICUS 005 20170828000000.0 008 170828s1982 xx u000 u eng u 013 $a40204 020 $a0-385-05686-9 040 $aSeMil$bita 100 1 $aBrown, Raymond Edward,$c.$0(OLS)http://semarc/name/3567 245 14$aThe Epistles of John /$ctranslated with introoduction, notes, and commentary by Raymond E. Brown. 260 $aGarden City, New York :$bDoubleday,$c1982. 300 $axxviii, 812 p. ;$c24 cm. 490 0 $aThe Anchor Bible ;$v30 650 4$aBibbia - NT - Lettere di Giovanni.$0(OLS)http://semarc/subject/6016 830 4$aThe Anchor Bible ;$v30.$0(OLS)http://semarc/title/472 850 $aSeMil 852 $aSeMil$W1$xVenegono$y1$mSL1.R II 30$j35185$B35185$CSeMilBibl$Z2$F35188 $8I 961 $aAcquisto: Casa editrice 996 $6020$a0-385-05686-9$9(OLS)http://semarc/number/269816 996 $6245$aThe Epistles of John$9(OLS)http://semarc/title/402706 996 $6260$aGarden City, New York :$bDoubleday$9(OLS)http://semarc/publisher/29803 LEADER 01578nam a2200337 i 4500 001 000000109591 003 CaOOAMICUS 005 20080306000000.0 008 080306s2000 it u000 u ita u 013 $a82271 020 $a88-343-0575-2 040 $aSeMil$bita 100 1 $aBeierwaltes, Werner,$d<1931-2019>.$0(OLS)http://semarc/name/16030 240 10$aPlatonismus im Christentum.$0(OLS)http://semarc/title/159126 245 10$aPlatonismo nel Cristianesimo /$cWerner Beierwaltes ; introduzione di Giovanni Reale ; traduzione di Mauro Falcioni. 260 $aMilano :$bVita e Pensiero,$c2000. 300 $aXXVIII, 261 p. ;$c22 cm. 490 0 $aTemi metafisici e problemi del pensiero antico : studi e testi ;$v78 500 $aContiene : Bibliografia. - Fondo Card. C.M. Martini. 650 4$aPlatonismo.$0(OLS)http://semarc/subject/6066 650 4$aCristianesimo e platonismo - Storia.$0(OLS)http://semarc/subject/19414 700 1 $aFalcioni, Mauro.$0(OLS)http://semarc/name/45988 700 1 $aReale, Giovanni,$d<1931-2014>.$0(OLS)http://semarc/name/74 830 0$aTemi metafisici e problemi del pensiero antico ;$v78.$0(OLS)http://semarc/title/109 850 $aSeMil 852 $aSeMil$W1$xVenegono$y1$m2R V 398$j65566$B65566$CSeMilBibl$Z2$F77175 $81 941 1 $a4 961 $aOmaggio: Martini Card. Carlo Maria 996 $6020$a88-343-0575-2$9(OLS)http://semarc/number/91011 996 $6245$aPlatonismo nel Cristianesimo$9(OLS)http://semarc/title/159125 996 $6260$aMilano :$bVita e Pensiero$9(OLS)http://semarc/publisher/29642